| 000 | 00398nam a22001457a 4500 | ||
|---|---|---|---|
| 020 | _a9788178084510 | ||
| 040 | _cNust | ||
| 082 |
_a629.892 _bCRA |
||
| 100 |
_ajohn J. Craig _9124585 |
||
| 245 |
_aIntroduction to Robotics _bMechanics and Control |
||
| 250 | _a2nd Edition | ||
| 260 |
_aNew Delhi: _bPearson Education Inc, _c2004. |
||
| 650 |
_aIntroduction to Robotics _9124048 |
||
| 942 |
_2ddc _cBK |
||
| 999 |
_c610406 _d610406 |
||